| 000 | 005500000a22002050004500 | ||
|---|---|---|---|
| 020 | _a84-254-0300-6 | ||
| 041 | 0 | _aSPA | |
| 082 | 0 | 4 | _aG 370 K9265p |
| 100 | 1 | _aKriekemans, A. | |
| 245 | 1 | 0 | _aPedagogía general / A. Kriekemans ; Teodoro Mendizábal, Traductor |
| 250 | _a4 | ||
| 260 | _aBarcelona, España : Herder | ||
| 300 | _a556 Pag | ||
| 500 | _aTítulo original : Pédagogie génerale | ||
| 001 | 9855 | ||
| 942 | _cBK | ||
| 999 |
_c39695 _d39695 |
||
| 336 |
_atexto _btxt _2rdacontent |
||
| 337 |
_2rdamedia _asin mediación _bn |
||
| 338 |
_2rdacarrier _avolumen _bnc |
||